| 000 | 00624nam a2200241 a 4500 | ||
|---|---|---|---|
| 001 | 13156 | ||
| 003 | BD-JhCC | ||
| 005 | 20230715095322.0 | ||
| 008 | 230715s2019 USAa|||| |||| 001 0 eng d | ||
| 020 | _a9788192088839 | ||
| 035 | _a(BD-JhCC)13156 | ||
| 040 |
_aBD-JhCC _dBD-JhCC |
||
| 041 | _aeng | ||
| 082 |
_a575 _bKNO 2019 |
||
| 110 | _4National Geographic | ||
| 245 |
_aKnow your world / _cNational Geographic |
||
| 260 |
_aUSA : _bNational Geographic, _c2019 |
||
| 300 |
_a398 p. : _bcolor pages; _c24 cm. |
||
| 504 | _aIncludes index. | ||
| 650 | _aZoology | ||
| 650 | _aEvolution (Biology) | ||
| 942 |
_2ddc _cREF |
||
| 999 |
_c13156 _d13156 |
||